| Tag |
First Indicator |
Second Indicator |
Subfields |
| LEADER |
00000cam a2200000 a 4500 |
| 001 |
in00000071691 |
| 005 |
20151008062340.0 |
| 008 |
801230r19791608ne h 00010 engm |
| 010 |
|
|
|a 79084133
|
| 020 |
|
|
|a 9022109518 (pbk.)
|
| 035 |
|
|
|a (OCoLC)07203408
|
| 035 |
|
|
|9 AAK0033AM
|
| 040 |
|
|
|a DLC
|c DLC
|d m.c.
|d TXA
|d UtOrBLW
|
| 043 |
|
|
|a e-uk---
|
| 049 |
|
|
|a TXAM
|c [1654572]
|
| 050 |
0 |
0 |
|a BT378.P4
|b P74 1979
|
| 082 |
0 |
|
|a 226/.8
|2 19
|
| 100 |
1 |
|
|a Price, Daniel,
|d 1581-1631.
|
| 245 |
1 |
4 |
|a The marchant :
|b a sermon /
|c Daniel Price.
|
| 264 |
|
1 |
|a Amsterdam :
|b Theatrum Orbis Terrarum ;
|a Norwood, N.J. :
|b W. J. Johnson,
|c 1979.
|
| 300 |
|
|
|a 38 pages :
|b facsimiles ;
|c 21 cm.
|
| 336 |
|
|
|a text
|b txt
|2 rdacontent
|
| 337 |
|
|
|a unmediated
|b n
|2 rdamedia
|
| 338 |
|
|
|a volume
|b nc
|2 rdacarrier
|
| 490 |
1 |
|
|a The English experience, its record in early printed books published in facsimile,
|v no. 951
|
| 500 |
|
|
|a STC 20296.
|
| 500 |
|
|
|a Reprint. Oxford : Ioleph Barnes, 1608.
|
| 610 |
2 |
0 |
|a Church of England
|x Sermons.
|
| 650 |
0 |
0 |
|a Pearl of great price (Parable)
|x Sermons.
|
| 650 |
|
0 |
|a Merchants
|x Religious life
|x Sermons.
|
| 650 |
|
0 |
|a Sermons, English.
|
| 830 |
|
0 |
|a English experience, its record in early printed books published in facsimile ;
|v no. 951.
|
| 999 |
|
|
|a MARS
|
| 999 |
f |
f |
|s 0e47494f-8742-34df-8fb8-89d9cd8f1bee
|i 3939d595-f88d-3744-ab14-42f83d745ce0
|t 0
|
| 952 |
f |
f |
|p ric
|a Texas A&M University
|b Rellis Campus
|c Joint Library Facility
|d Remote Storage
|t 0
|e BT378.P4 P74 1979
|h Library of Congress classification
|i unmediated -- volume
|m A14806092094
|
| 998 |
f |
f |
|a BT378.P4 P74 1979
|t 0
|l Remote Storage
|